Disneyland California Adventure Rides - Statistics

General Stats
  • This quiz has been taken 154 times
  • The average score is 11 of 18
Answer Stats
Hint Answer % Correct
Avengers Campus Guardians of the Galaxy - Mission: BREAKOUT
91%
Pixar Pier Incredicoaster
89%
Grizzly Peak Soarin' Over California
78%
Cars Land Radiator Springs Racers
77%
Grizzly Peak Grizzly River Run
72%
Hollywood Land Monsters, Inc. Mike & Sulley to the Rescue
72%
Avengers Campus Web Slingers: A Spider-Man Adventure
72%
Pixar Pier Inside Out Emotional Whirlwind
71%
Pixar Pier Toy Story Midway Mania
67%
Paradise Gardens Park Goofy's Sky School
59%
Paradise Gardens Park Jumpin' Jellyfish
57%
Pixar Pier Pixar Pal-A-Round
57%
Paradise Gardens Park Silly Symphony Swings
52%
Pixar Pier Jessie's Critter Carousel
51%
Cars Land Mater's Junkyard Jamboree
51%
Paradise Gardens Park The Little Mermaid: Ariel's Undersea Adventure
51%
Paradise Gardens Park Golden Zephyr
45%
Cars Land Luigi's Rollickin' Roadsters
39%
No matching quizzes found
Score Distribution
Percent of People with Each Score
Percentile by Number Answered
Your Score History
You have not taken this quiz